Measurement of tax progressivity (Registro nro. 26441)

Detalles MARC
000 -LEADER
fixed length control field 00318 a2200109 4500
001 - CONTROL NUMBER
control field ART_12546
005 - DATE AND TIME OF LATEST TRANSACTION
control field 20260410161907.0
008 - FIXED-LENGTH DATA ELEMENTS--GENERAL INFORMATION
fixed length control field 260409a
100 1# - MAIN ENTRY--PERSONAL NAME
Personal name Kakwani, N. C.
245 10 - TITLE STATEMENT
Title Measurement of tax progressivity
773 0# - HOST ITEM ENTRY
Title The Economic Journal
Related parts - Vol. 87, Nº 345 (mar. 1977)
Record control number REV12512

No hay ítems disponibles.